[Event "Brasschaat op 15th"]
[Site "Brasschaat"]
[Date "2015.08.17"]
[Round "3"]
[White "Rongen, Jos"]
[Black "De Cocq, Ramin"]
[Result "1-0"]
[WhiteElo "1694"]
[BlackElo "1435"]
[PlyCount "101"]
[EventDate "2015.08.15"]
[EventType "swiss"]
[EventRounds "9"]
[EventCountry "BEL"]
[SourceTitle "EXT 2016"]
[Source "ChessBase"]
[SourceDate "2015.10.08"]
[SourceVersion "1"]
[SourceVersionDate "2015.10.08"]
[SourceQuality "1"]

1. Nc3 e5 2. Nf3 Nc6 3. d4 exd4 4. Nxd4 Bc5 5. Be3 Bxd4 6. Bxd4 Nxd4 7. Qxd4 Nf6 8. Qe3+ Qe7 9. Qxe7+ Kxe7 10. e4 Re8 11. 0-0-0 Kf8 12. f3 b6 13. Nb5 Re5 14. Nxc7 Rb8 15. Nd5 Nxd5 16. Rxd5 Rxd5 17. exd5 d6 18. Bd3 h6 19. Re1 Bb7 20. c4 Rc8 21. b3 Bxd5 22. Kd2 Be6 23. f4 g6 24. a3 Re8 25. Be4 Bd7 26. Bd5 Rxe1 27. Kxe1 Ke7 28. Kd2 g5 29. Ke3 Bf5 30. h3 f6 31. b4 Bc2 32. fxg5 hxg5 33. g3 Bf5 34. h4 Bg4 35. Kd4 gxh4 36. gxh4 f5 37. Ke3 Kf6 38. Kf4 a5 39. bxa5 bxa5 40. Bg8 Kg7 41. Be6 Kf6 42. Bd5 Be2 43. Bg8 Bg4 44. Bh7 Bh3 45. h5 Bg4 46. h6 Bh3 47. Bg8 Bg4 48. h7 Kg7 49. Be6 Kxh7 50. Bxf5+ Bxf5 51. Kxf5 1-0

[Event "Maastricht Limburg op-C 8th"]
[Site "Maastricht"]
[Date "2014.06.08"]
[Round "4"]
[White "De Cocq, Ramin"]
[Black "Katranov, Mikhail"]
[Result "0-1"]
[WhiteElo "1093"]
[BlackElo "1248"]
[PlyCount "74"]
[EventDate "2014.06.06"]
[EventType "swiss"]
[EventRounds "7"]
[EventCountry "NED"]
[SourceTitle "EXT 2015"]
[Source "ChessBase"]
[SourceDate "2014.11.20"]
[SourceVersion "1"]
[SourceVersionDate "2014.11.20"]
[SourceQuality "1"]

1. d4 d5 2. c4 e6 3. e3 Nf6 4. Nc3 Nc6 5. Bd2 Bd6 6. Nf3 Nb8 7. Qb3 a6 8. cxd5 exd5 9. Nxd5 Nxd5 10. Qxd5 Nc6 11. Qb3 Rb8 12. Bc4 Qe7 13. a3 Bg4 14. Bd5 Bxf3 15. Bxf3 Nxd4 16. Qa4+ Nb5 17. 0-0 Qe5 18. g3 Qxb2 19. Bb4 Bxb4 20. axb4 0-0 21. Rfb1 Qf6 22. Bg2 Nc3 23. Qc2 Nxb1 24. Rxb1 Qg6 25. Be4 f5 26. Bd5+ Kh8 27. Qxc7 f4 28. Re1 fxe3 29. fxe3 Qf5 30. Kh1 Qxd5+ 31. Kg1 Qf3 32. Qc2 Rbe8 33. Qd2 Re4 34. Qg2 Rxe3 35. Qxf3 Rxe1+ 36. Kf2 Rxf3+ 37. Kxf3 Rb1 0-1